000 00828cac a2200253 a 4500
003 CO-PeBPM
005 20250310133008.0
007 ta
008 231129s1996||||ck a||||||||||||| ||spa||
020 _a9589604803
040 _aCO-PeBPM
_bspa
_cCO-PeBPM
_erda
041 _aspa
082 0 4 _a333.72 M491m
_222
245 0 _aMedio ambiente agricultura y ganadería ecológica
250 _aPrimera edición
260 _aBogotá, Colombia
_b: Corporación Bioma
_c, 1996
300 _a229 páginas
_bilustraciones en blanco y negro
_c23 centímetros
500 _aIncluye índice
650 1 4 _aBiodiversidad
_2LEMB
650 1 4 _aAgricultura ecológica
_2LEMB
650 1 4 _aGanadería ecológica
_2LEMB
942 _2ddc
_cBK
999 _c20873
_d20873